00776nam a2200241 i 450000500170000000800410001702000180005804000350007604100080011108200170011910000370013624500600017325000220023326400540025530000260030933600270033533700330036233800280039565000460042365000380046994200120050799900150051920220317000007.0141031s2008 ck gs 000 0 spa d a9789587103090 aCO-BoRNBPbspacCO-BoRNBPerda0 aspa04a342.07bV15e1 aVanegas Gil, Pedro Pablo,eautor10aEstudios de derecho electoralc Pedro Pablo Vanegas Gil aPrimera edición 1aBogotábUniversidad Externado de Colombiac2008 a246 páginasc21 cm atextobtxt2rdacontent asin mediaciónbn2rdamedia avolumenbnc2rdacarrier142LEMBaEleccionesxLegislaciónzColombia142LEMBaReforma electoralzColombia 2ddccBK c2839d2839